Statistics for 2022 Movies From Cast

Click here to take the quiz!

General Stats

  • This quiz has been taken 89 times
  • The average score is 8 of 13

Answer Stats

CastMovie% Correct
Tom Cruise, Val Kilmer, Miles TellerTop Gun: Maverick
96%
Robert Pattinson, Zoe Kravitz, Paul DanoThe Batman
86%
Austin Butler, Tom Hanks, Olivia DeJongeElvis
79%
Tom Holland, Mark Wahlberg, Sophia Taylor AliUncharted
79%
Benedict Cumberbatch, Elizabeth Olsen, Xochitl GomezDoctor Strange in the Multiverse of Madness
77%
Channing Tatum, Sandra Bullock, Daniel RadcliffeThe Lost City
69%
Jared Leto, Michael Keaton, Matt SmithMorbius
66%
Chris Pratt, Bryce Dallas Howard, Omar SyJurassic World Dominion
56%
Mads Mikkelsen, Eddie Redmayne, Jude LawFantastic Beasts: The Secrets of Dumbledore
51%
Kenneth Branagh, Armie Hammer, Gal GadotDeath on the Nile
49%
Ryan Reynolds, Walker Scobell, Jennifer GarnerThe Adam Project
42%
Halle Berry, Patrick Wilson, Kelly YuMoonfall
19%
Maggie Smith, Imelda Staunton, Hugh BonnevilleDowntown Abbey: A New Era
17%

Score Distribution

Percentile by Number Answered

Percent of People with Each Score

Your Score History

You have not taken this quiz